000 00285nam a22001337a 4500
008 171201b xxu||||| |||| 00| 0 eng d
020 _a9780316167260
041 _aeng
080 _a37
100 _a46
101 _aEDU
245 _aDO WHAT YOU ARE
_cTIEGER, P.D
942 _2udc
_cBK
999 _c38661
_d38661